00478nam a2200169Ia 4500999001700000003000400017005001700021008004100038040000900079082001900088100002200107245006200129260004200191300000900233650002200242942004400264 c34795d34795OSt20200203132440.0190216s9999||||xx |||||||||||||| ||und|| coclc a338.947bSTE/S aStepanou, U91794 0aSocialist Community Problems Of Development /cU Stepanou bNovosti Publications,c1970.aMoscow: a176p aPolitical Science cBK2ddch338.947iSTE/Sk338.947mSTE/S